| LEADER | 00577nam a2200217 c 4500 | ||
|---|---|---|---|
| 001 | bibMOK07856483 | ||
| 005 | 20241203123548.8 | ||
| 008 | 230502s2021 hu b 00000 hun d | ||
| 100 | 1 | |a Simon Attila | |
| 245 | 1 | 0 | |a Barátság és megértés Arisztotelész filozófiájában |c Simon Attila |
| 260 | |a Budapest |b Gondolat |c 2021 | ||
| 300 | |a 346 p. | ||
| 490 | 1 | |a Electa |x 1788-9553 | |
| 695 | |a Arisztotelész | ||
| 695 | |a barátság | ||
| 695 | |a etika | ||
| 695 | |a filozófia, ókori, görög | ||
| 695 | |a hermeneutika | ||
| 695 | |a erény | ||
| 695 | |a megértés | ||
| 830 | 0 | |a Electa | |